00363nam a2200109Ia 4500008004100000082000800041100001600049245006800065942000600133952009900139999001500238240331s9999 xx 000 0 und d bFER aFernando, B 0aPower conscience :bthe excommunication of Dr. Tissa Balasuriya cL 001040708LaWERCLbWERCLcSSCd2024-03-31l0o 261.833 FERp5729r2024-03-31w2024-03-31yL c1347d1347